Tilastot visalle Yleistieto #20

Klikkaa tästä pelataksesi tätä visaa!

Yleistilastot

  • Tätä visaa on pelattu 608 kertaa
  • Keskiarvotulos 9 / 15

Vastaustilastot

VinkkiVastaus% Oikein
Mikä on Suomen kansalliseepos?Kalevala
92%
Mikä on Suomen toiseksi suurin kaupunki?Espoo
88%
Mikä maa voitti jalkapallon mm 2014?Saksa
79%
Kuka oli Suomen presidentti vuosina 1944-1946?C.G.E.Mannerheim
76%
Kuka sen kokosi?Elias Lönnrot
66%
Mikä on Ruotsin kolmanneksi suurin kaupunki?Malmö
63%
Minkä maan parlamentti on nimeltään Duuma?Venäjän
63%
Kenen hitti on "Chandelier"?SIAn
61%
Mikä on Porvoon ruotsinkielinen nimi?Borgå
59%
Mistä kaupungista Nylon Beat on kotoisin?Helsingistä
52%
Mikä oli Hitlerin lempiväri?Ruskea
51%
Kenen poliitikon lempinimi oli 'Rautarouva'?Margaret Thatcherin
47%
Mikä on Pohjois-Amerikan suurin kaupunki?Mexico City
43%
Kuka piirtää Fingerpori-sarjakuvaa?Pertti Jarla
41%
Kuka sävelsi teokset 'Tristan ja Isolde' ja 'Reininkulta'?Richard Wagner
13%

Tulosjakauma

Persentiili vastausten määrän mukaan

Jokaisen tuloksen saaneiden osuus

Tuloshistoriasi

Et ole pelannut tätä visaa